Online Catalogue and eLibrary

Unsettled subjects : (Record no. 37)

MARC details
000 -LEADER
fixed length control field 00758cam a2200241 a 4500
001 - CONTROL NUMBER
control field 1179076
005 - DATE AND TIME OF LATEST TRANSACTION
control field 20231120020007.0
008 - FIXED-LENGTH DATA ELEMENTS--GENERAL INFORMATION
fixed length control field 970102s1997 ncu b 001 0 eng
020 ## - INTERNATIONAL STANDARD BOOK NUMBER
ISBN 0822320037 (cloth : acidfree paper)
020 ## - INTERNATIONAL STANDARD BOOK NUMBER
ISBN 0822319993 (pbk. : acidfree paper)
040 ## - CATALOGING SOURCE (பட்டியலாக்க மூலம்)
Original cataloging agency DLC
Transcribing agency DLC
Modifying agency DLC
082 00 - DDC Classification
Class No. 810.9/9287
DDC Edition Number 21
Item Number - Author Mark SUS
100 1# - MAIN ENTRY--PERSONAL NAME
Personal name Lurie, Susan.
245 10 - TITLE STATEMENT
Title Unsettled subjects :
Remainder of title restoring feminist politics to poststructuralist critique /
Statement of responsibility, etc. Susan Lurie.
260 ## - PUBLICATION, DISTRIBUTION, ETC.
Place of publication, distribution, etc. Durham :
Name of publisher, distributor, etc. Duke University Press,
Date of publication, distribution, etc. 1997.
300 ## - PHYSICAL DESCRIPTION
Extent (e.g. Volumes, Pages etc.) 192 p. ;
650 #0 - SUBJECT ADDED ENTRY--TOPICAL TERM
Topical term or geographic name entry element Feminist literary criticism.
650 #0 - SUBJECT ADDED ENTRY--TOPICAL TERM
Topical term or geographic name entry element Feminism and literature.
650 #0 - SUBJECT ADDED ENTRY--TOPICAL TERM
Topical term or geographic name entry element Women and literature.
650 #0 - SUBJECT ADDED ENTRY--TOPICAL TERM
Topical term or geographic name entry element Minority women in literature.
650 #0 - SUBJECT ADDED ENTRY--TOPICAL TERM
Topical term or geographic name entry element Literature
942 ## - Koha item type (Biblio)
Koha item type Books in Stacks (Lending)
Holdings
Lost status Damaged status Collection code Home library Current library Date acquired Full call number Accession Number Item type
    Lending WERC Library WERC Library 11/20/2023 810.9/9287 SUS 2531 Books in Stacks (Lending)

© WERC Library